Général footballeurs fc24 - Statistiques

Statistiques générales
  • Ce quiz a été pris 480 fois
  • Le résultat moyen est 12 sur 15
Statistiques - réponses
Joueur Note % Correct
Kimmich 88
98%
Gundogan 86
97%
Lukaku 84
96%
E.Martinez 85
96%
Aubameyang 80
94%
F.De Jong 87
94%
R.Dias 89
93%
Soler 79
87%
Robertson 86
79%
Guirassy 77
75%
Szoboszlai 82
72%
Kvaratskhelia 86
71%
Martial 80
66%
Lewandowski 90
63%
Schlotterbeck 83
59%
Aucun quiz correspondant
Distribution des résultats
% des personnes avec chaque résultat
Percentile par nombre de réponses
Votre historique - résultats
Vous n’avez pas pris ce quiz